| 000 | 01748nam a2200325 i 4500 | ||
|---|---|---|---|
| 003 | EG-GICUC | ||
| 005 | 20260121101646.0 | ||
| 008 | 260104s1997 ku ||||fr|||| 001 0 ara d | ||
| 040 |
_a EG-GICUC _bara _c EG-GICUC _d EG-GICUC _erda |
||
| 041 | _aara | ||
| 082 | 0 | 4 |
_a343.4370538 _bح ا . م _221 |
| 092 | 0 | 4 | _221 |
| 099 | _aLaw1 10 343.4370538 ح ا . م 1997 1006763 | ||
| 100 | 0 |
_aحامد سيد عنبر سيد صالح الرفاعي. _eمؤلف. |
|
| 245 | 1 | 0 |
_aمؤسسات الشرطة والأمن العام في دولة الكويت : _bدراسة قانونية وإدارية تتناول بالتحليل التطور القانوني والإداري لمؤسسات الشرطة والأمن العام في دولة الكويت : ماضيا وحاضرا ومستقبلا / _cتأليف عقيد دكتور حامد سيد عنبر سيد صالح الرفاعي، دكتور عادل حسون الخنساء ؛ مراجعة أ. رمضان عيد سيد محمد. |
| 264 | 1 |
_aالكويت : _bحامد سيد عنبر سيد صالح الرفاعي، _c1997. |
|
| 300 |
_a832 صفحة ؛ _c24 سم. |
||
| 336 |
_2rda content _atext |
||
| 337 |
_2rda media _aComputer |
||
| 338 |
_2rda carrier _aOnline Resource |
||
| 504 | _aيشتمل على ارجاعات ببليوجرافية. | ||
| 546 | _aالنص باللغة العربية | ||
| 650 | 1 |
_aتشريعات أخرى متعلقة بالأمن والسكينة العامة. _zالكويت _2qrmak |
|
| 651 | 1 | _2qrmak | |
| 700 | 0 |
_aعادل حسون الخنساء. _eمؤلف مشارك. |
|
| 700 | 0 |
_aرمضان عيد سيد محمد. _eمراجع. |
|
| 856 | 4 | 0 | _uhttps://fll.law.cu.edu.eg/fulltext/bks/B10-06763.pdf |
| 905 | _a18 | ||
| 942 |
_2ddc _n0 _cBK _e21 |
||
| 999 |
_c54485 _d54485 |
||